00529nam a2200157 4500008004100000020001500041082001500056245004900071260005100120300001100171650004000182650003200222942000700254952009500261999001500356240527b |||||||| |||| 00| 0 eng d a9559052365 a331.4bOCC aOccupational health hazards of women workers a[Colombo]:bCentre for women's research,c1993 a173 p. aOCCUPATIONAL HEALTH-Women-Sri Lanka aHealth hazards-Women labour cRP 00102ddc4070aMAINbMAINd2024-05-27l0o331.4 OCCpRAF5254r2024-05-27w2024-05-27yRP c4893d4893